| 000 | 00808nam a2200253Ia 4500 | ||
|---|---|---|---|
| 003 | OSt | ||
| 005 | 20220918171723.0 | ||
| 006 | a|||||r|||| 00| 0 | ||
| 007 | ta | ||
| 008 | 220917b |||||||| |||| 00| 0 eng d | ||
| 020 |
_a9788170005469 (hbk) _c450 |
||
| 024 | _a236,258 | ||
| 037 |
_b82, 18/08/2008, Bharatiya Sahitya Bhavana _cTextual |
||
| 040 |
_aARTS _cARTS _beng |
||
| 041 |
_2eng _aeng |
||
| 082 | _a23:(Z,2674), P8 | ||
| 100 |
_aSrivastava Pushplata _938430 |
||
| 245 | 0 | _aCopyright in academic libraries in digital environment | |
| 260 |
_aDelhi _bEss Ess Publication India _c2008 |
||
| 300 |
_a159p. _ccm. |
||
| 650 | _aLIBRARY SCIENCE | ||
| 942 |
_h23:(Z,2674), P8 _cTEXL _2CC |
||
| 999 |
_c141051 _d141051 |
||